000
00455nam a2200169Ia 4500
008
090711s9999 xx 000 0 und d
082
_b
38792
100
_a
गोगटे शकुंतला
245
_a
Sााहुल
260
_c
1978
300
_a
124
600
_a
गोगटे शकुंतला
630
_a
Sााहुल
700
_a
गोगटे शकुंतला
730
_a
Sााहुल
942
_c
BOOK
999
_c
288541
_d
288541